Statistics for City by University

Click here to take the quiz!

General Stats

  • This quiz has been taken 54 times
  • The average score is 19 of 35

Answer Stats

RankUniversityCity% Correct
5Massachusetts Institute of TechnologyBoston
90%
2California Institute of TechnologyLos Angeles
86%
7Harvard UniversityBoston
84%
11University of PennsylvaniaPhiladelphia
84%
=38Georgia Institute of TechnologyAtlanta
80%
26University of WashingtonSeattle
80%
=62University of Southern CaliforniaLos Angeles
78%
16Columbia UniversityNew York
78%
34University of British ColumbiaVancouver
76%
4Stanford UniversitySan Francisco / San Jose
76%
79University of MinnesotaMinneapolis
72%
70Ohio State UniversityColumbus
68%
71University of New South WalesSydney
66%
12Johns Hopkins UniversityBaltimore
64%
22Northwestern UniversityChicago
60%
8Yale UniversityNew Haven
60%
23Tsinghua UniversityBeijing
60%
66University of QueenslandBrisbane
56%
50Australian National UniversityCanberra
56%
=27Carnegie Mellon UniversityPittsburgh
56%
93École PolytechniqueParis
56%
84Michigan State UniversityLansing
52%
42McGill UniversityMontreal
50%
=80Sorbonne UniversityParis
50%
53Brown UniversityProvidence
48%
=80Emory UniversityAtlanta
48%
=91University of MarylandWashington
38%
=67Delft University of TechnologyRotterdam / The Hague
28%
=75Monash UniversityMelbourne
28%
=48Nanyang Technological UniversitySingapore
26%
41Karolinska InstituteStockholm
26%
89Sungkyunkwan UniversitySeoul
20%
72McMaster UniversityHamilton
14%
77University of WarwickCoventry
12%
=80University of Science and Technology of ChinaHefei
4%

Score Distribution

Percentile by Number Answered

Percent of People with Each Score

Your Score History

You have not taken this quiz